header

Progress in sol-gel production (Record no. 99880)

MARC details
000 -LEADER
fixed length control field 01376nam a2200349 a 4500
245 00 - TITLE STATEMENT
Title Progress in sol-gel production
260 ## - PUBLICATION, DISTRIBUTION, ETC. (IMPRINT)
Place of publication Stafa-Zurich ;
-- U.K. :
Name of publisher Trans Tech Publications,
Year of publication c2009.
300 ## - PHYSICAL DESCRIPTION
Number of Pages v, 184 [3] p. :
Other physical details ill.
500 ## - GENERAL NOTE
General note Description based on print version record.
650 #0 - SUBJECT ADDED ENTRY--TOPICAL TERM
Topical Term Colloids.
Topical Term Ceramic materials.
700 1# - ADDED ENTRY--PERSONAL NAME
Personal name Zarzycki, J.
Personal name Esquivias, Luis.
856 40 - ELECTRONIC LOCATION AND ACCESS
Uniform Resource Identifier http://site.ebrary.com/lib/rucke/Doc?id=10604217

No items available.

© 2026 Rongo University
Contact us: librarian | system librarian | Rongo university